03296nam a2200457Ia 450000500170000000800410001702000150005804100080007308200170008110000240009824501000012225000220022230000250024449000160026950502880028552003850057353400380095865000500099665000350104665000500108165000450113170000480117694200120122426400270123633600270126333700330129033800280132304000350135199900150138695201310140195201310153295201320166395201290179595201300192495201310205495201300218595201300231595201310244595201300257695201320270620220316235614.0121119s2003 ck gr 000 0 spa  a95870401041 aspa04a338.91bS73m1 aStiglitz, Joseph E.13aEl malestar en la globalización cJoseph E. Stiglitz ; traducción, Carlos Rodríguez Braun aPrimera edición a314 páginasc24 cm0 aPensamiento0 a1. La promesa de las instituciones globales -- 2. Promesas rotas 3. ¿Libertad de elegir? -- 4. La crisis del este asiático -- 5. ¿Quién perdió a Rusia? -- 6. Leyes comerciales injustas -- 7. Mejores caminos hacia el mercado -- 8. La otra agenda del FMI -- 9. Camino al futuro3 aEl proceso de globalización orientado por el FMI y las organizaciones internacionales ha causado un sufrimiento excesivo a los países en desarrollo. La fuerte reacción contra la globalización tiene sus raíces no sólo en los perjuicios ocasionados a estos países debido a las políticas ideológicas sino también en las desigualdades del sistema comercial mundial tGlobalization and its discontents14aIntegración económica internacional2LEMB14aFinanzas internacionales2LEMB14aGlobalización xAspectos económicos2LEMB14aRegulación del comercio exterior2LEMB1 aRodríguez Braun, Carlosetraductor939432 2ddccBK aBogotábTaurusc2003 atextobtxt2rdacontent asin mediaciónbn2rdamedia avolumenbnc2rdacarrier aCO-BoRNBPbspaerdacCO-BoRNBP c1524d1524 00102ddc40708GENaMEDORADObMEDORADOcGENd2022-12-20l0o338.9 S73m pDOR00321r2022-12-20 00:00:00tEj.1w2022-12-20yBK 00102ddc40708GENaMEFTEORObMEFTEOROcGENd2023-05-04l0o338.9 S73mpFo0000288r2023-05-04 00:00:00tEj.1w2023-05-04yBK 00102ddc40708GENaMEPLLERASbMEPLLERAScGENd2023-05-18l0o338.9 S73mpPLL00371r2023-05-18 00:00:00tEj.1w2023-05-18yBK 00102ddc40708GENaMECASTILbMECASTILcGENd2023-05-31l0o338.9 S73mpEC00585r2023-05-31 00:00:00tEj.1w2023-05-31yBK 00102ddc40708GENaMESARAMAbMESARAMAcGENd2023-07-05l0o338 9 S73MpSJA00515r2023-07-05 00:00:00tEj.1w2023-07-05yBK 00102ddc40708GENaMEMAPIRIbMEMAPIRIcGENd2023-07-06l0o338.9S73mpMAP0000345r2023-07-06 00:00:00tEj.1w2023-07-06yBK 00102ddc40708GENaMECUBARRbMECUBARRcGENd2023-08-08l0o338.9 S73mpCUB02288r2023-08-08 22:53:43tEj.1w2023-08-08yBK 00102ddc40708GENaMEACACIAbMEACACIAcGENd2025-05-09l0o338.9 S73mpACA02544r2025-05-09 10:16:31tEj.1w2025-05-09yBK 00102ddc40708GENaMERESTREbMERESTREcGENd2025-07-08l0o338.91 S73mpRES00418r2025-07-08 15:30:16tEj.1w2025-07-08yBK 00102ddc40708GENaMEMACAREbMEMACAREcGENd2025-07-25l0o338.91 S73mpLM02719r2025-07-25 14:36:01tEj.1w2025-07-25yBK 00102lcc40708GENaMEPCONCObMEPCONCOcGENd2026-02-05l0o338.91 S73mpPCON00724r2026-02-05 21:29:16tEj.1w2026-02-05yBK